| 000 | 00866nam a2200253 a 4500 | ||
|---|---|---|---|
| 001 | BRCA_5088 | ||
| 005 | 20190320204932.0 | ||
| 008 | 111110s2009----mx-a######---#000-0#spa-# | ||
| 020 | _a9786077687412 | ||
| 041 | _aspa | ||
| 044 | _amx | ||
| 050 | 4 |
_aNK844 _b.V45 2009 |
|
| 100 | 1 |
_aVelarde Cruz, Sofía Irene _912973 |
|
| 245 | 1 | 0 |
_aImaginería Michoacana en caña de maíz _cSofía Irene Velarde Cruz. |
| 250 | _a2 | ||
| 260 |
_aMéxico _bSecretaría de Cultura de Michoacán _c2009 |
||
| 300 |
_a188 p. _bil. _c21 cm. |
||
| 440 | 0 |
_aSerie recuperación de acervos en museos. Centro de Documentación e Investigación de las Artes. Secretaría de Cultura de Michoacán _912974 |
|
| 504 | _aBibliográfia: p. 185-188 | ||
| 650 | 1 | 4 |
_aEscultura colonial _912975 |
| 651 | 4 |
_aMichoacán _xHistoria _97991 |
|
| 651 | 4 |
_aMéxico _xEscultura _912976 |
|
| 942 |
_2lcc _cB |
||
| 999 |
_c4782 _d4782 |
||